| 000 | 00995cam a22003017i 4500 | ||
|---|---|---|---|
| 005 | 20230607115603.0 | ||
| 008 | 160201s2016 at 001 0 eng | ||
| 010 | _a 2016932225 | ||
| 020 |
_a9781305878297 _q(pbk.) |
||
| 040 |
_aDLC _beng _erda _cDLC |
||
| 050 | 0 | 0 | _aMLCM 2019/44558 (T) |
| 082 |
_a004.64 _bDUF-M |
||
| 100 | 1 | _aDuffy, Jennifer A., | |
| 245 | 1 | 0 |
_aMicrosoft Office 365 ; Word 2016 : _bintermediate / _cJennifer Duffy . |
| 260 |
_aUSA _bCengage _cc2017 |
||
| 264 | 1 |
_aAustralia : _bCengage Learning, _c[2016] |
|
| 300 |
_a1 volume [various pagings] : _bcolor illustrations ; _c28 cm. |
||
| 336 |
_atext _btxt _2rdacontent |
||
| 337 |
_aunmediated _bn _2rdamedia |
||
| 338 |
_avolume _bnc _2rdacarrier |
||
| 490 | 0 | _aIllustrated series | |
| 500 |
_aMinimal Level Cataloging Plus. _5DLC |
||
| 500 | _aIncludes index. | ||
| 650 | _aMicrosoft Office | ||
| 906 |
_a7 _bcbc _corignew _d4 _eepcn _f20 _gy-gencatlg |
||
| 999 |
_c18631 _d18631 |
||